[Event "Mittelfranken Landesliga Sued 2122"]
[Site "Mittelfranken"]
[Date "2022.05.29"]
[Round "9.5"]
[White "Stocker, Rupert"]
[Black "Mueller, Lukas"]
[Result "0-1"]
[WhiteElo "2002"]
[BlackElo "2056"]
[PlyCount "39"]
[EventDate "2021.10.24"]
[EventType "team-tourn"]
[EventRounds "9"]
[EventCountry "GER"]
[SourceTitle "EXT 2024"]
[Source "ChessBase"]
[SourceDate "2023.10.10"]
[SourceVersion "1"]
[SourceVersionDate "2023.10.10"]
[SourceQuality "1"]
[WhiteTeam "Groebenzell II"]
[BlackTeam "Muenchen Zugzwang II"]
[WhiteTeamCountry "GER"]
[BlackTeamCountry "GER"]

1. c4 e5 2. Nc3 Nf6 3. g3 Bb4 4. Bg2 0-0 5. e4 d6 6. Nge2 Be6 7. Nd5 Bc5 8. 0-0 c6 9. Nxf6+ Qxf6 10. d3 Nd7 11. Kh1 Qg6 12. Qc2 Nf6 13. f4 Bg4 14. Ng1 Nh5 15. Nh3 f5 16. Rb1 a5 17. b3 Qe6 18. a3 fxe4 19. f5 Bxf5 20. Ng5 0-1

[Event "Mittelfranken Landesliga Sued 2122"]
[Site "Mittelfranken"]
[Date "2022.05.08"]
[Round "8.5"]
[White "Romfeld, Michael"]
[Black "Stocker, Rupert"]
[Result "1/2-1/2"]
[WhiteElo "2140"]
[BlackElo "2002"]
[PlyCount "71"]
[EventDate "2021.10.24"]
[EventType "team-tourn"]
[EventRounds "9"]
[EventCountry "GER"]
[SourceTitle "EXT 2024"]
[Source "ChessBase"]
[SourceDate "2023.10.10"]
[SourceVersion "1"]
[SourceVersionDate "2023.10.10"]
[SourceQuality "1"]
[WhiteTeam "Haunstetten"]
[BlackTeam "Groebenzell II"]
[WhiteTeamCountry "GER"]
[BlackTeamCountry "GER"]

1. e4 c6 2. d4 g6 3. Nc3 d5 4. Be3 Bg7 5. Qd2 a6 6. g3 dxe4 7. Nxe4 Nd7 8. Rd1 Ndf6 9. Bg2 Nxe4 10. Bxe4 Nf6 11. Bg2 Be6 12. Ne2 Qd7 13. Nf4 Nd5 14. Nxd5 Bxd5 15. f3 Be6 16. Kf2 Rd8 17. b3 Bh3 18. Rhe1 Bxg2 19. Kxg2 0-0 20. Bh6 Rfe8 21. Bxg7 Kxg7 22. Qe2 e6 23. Rd3 Qc7 24. Qe3 Rd7 25. h4 h6 26. Kf2 Red8 27. Red1 Rd5 28. f4 Qa5 29. c4 R5d7 30. R1d2 Qf5 31. Qe5+ Qxe5 32. fxe5 f6 33. exf6+ Kxf6 34. Ke3 g5 35. Ke4 Kg6 36. Rd1 1/2-1/2

[Event "Oberbayern-ch"]
[Site "Groebenzell"]
[Date "2018.05.12"]
[Round "5.11"]
[White "Theumer, Lutz"]
[Black "Stocker, Rupert"]
[Result "1-0"]
[WhiteElo "2005"]
[BlackElo "2011"]
[PlyCount "77"]
[EventDate "2018.05.10"]
[EventType "swiss"]
[EventRounds "7"]
[EventCountry "GER"]
[SourceTitle "EXT 2022"]
[Source "ChessBase"]
[SourceDate "2021.10.06"]
[SourceVersion "1"]
[SourceVersionDate "2021.10.06"]
[SourceQuality "1"]

1. d4 d5 2. Bf4 e6 3. Nf3 Bd6 4. Bg3 Ne7 5. e3 Nf5 6. Bd3 Nxg3 7. hxg3 c5 8. c3 Nc6 9. Nbd2 Bd7 10. Qc2 Rc8 11. a3 Qf6 12. g4 g5 13. Bxh7 e5 14. dxe5 Nxe5 15. 0-0-0 Bxg4 16. c4 Bxf3 17. gxf3 Nxc4 18. Nxc4 dxc4 19. Qe4+ Kf8 20. Rd5 Rc6 21. Qxc4 Be5 22. Qc2 Rb6 23. b3 c4 24. b4 Ra6 25. f4 gxf4 26. a4 Bd6 27. b5 Rb6 28. Rhd1 Be7 29. R1d4 Qg7 30. Qf5 Re6 31. Rxf4 Qa1+ 32. Kd2 Qb2+ 33. Ke1 Qc1+ 34. Ke2 Bf6 35. Rd8+ Ke7 36. Rxh8 Qb2+ 37. Kf3 Bxh8 38. Qxf7+ Kd6 39. Qf8+ 1-0

[Event "Oberliga Bayern 1213"]
[Site "Bayern"]
[Date "2013.02.24"]
[Round "7.8"]
[White "Prediger, Rupert"]
[Black "Stocker, Rupert"]
[Result "1-0"]
[WhiteElo "2143"]
[BlackElo "2072"]
[PlyCount "69"]
[EventDate "2012.10.14"]
[EventType "team-tourn"]
[EventRounds "9"]
[EventCountry "GER"]
[SourceTitle "EXT 2015"]
[Source "ChessBase"]
[SourceDate "2014.11.20"]
[SourceVersion "1"]
[SourceVersionDate "2014.11.20"]
[SourceQuality "1"]
[WhiteTeam "Pang/Rosenheim"]
[BlackTeam "Groebenzell"]
[WhiteTeamCountry "GER"]
[BlackTeamCountry "GER"]

1. e4 c6 2. d4 g6 3. c4 d5 4. exd5 cxd5 5. Nc3 Bg7 6. cxd5 Nf6 7. Qb3 0-0 8. Be2 Nbd7 9. Bf3 Ne8 10. Nge2 Nd6 11. 0-0 b5 12. Bf4 a6 13. a4 Rb8 14. axb5 axb5 15. Ne4 Nf6 16. Nxd6 exd6 17. Qb4 Rb6 18. Rfc1 Bb7 19. Nc3 Qd7 20. Qa5 Qd8 21. Nxb5 Bxd5 22. Nc7 Bxf3 23. Qxb6 Nh5 24. Qxd6 Nxf4 25. Qxf4 Bb7 26. Rd1 Qd7 27. d5 Rc8 28. d6 h6 29. Nd5 Rc5 30. Nf6+ Bxf6 31. Qxf6 Rf5 32. Qc3 Rg5 33. f3 Qh3 34. Qd2 Qd7 35. Qf2 1-0

[Event "Oberliga Bayern 0910"]
[Site "Bayern"]
[Date "2009.10.18"]
[Round "1.8"]
[White "Bolduan, Sebastian"]
[Black "Stocker, Rupert"]
[Result "1/2-1/2"]
[WhiteElo "2082"]
[BlackElo "2024"]
[PlyCount "87"]
[EventDate "2009.10.18"]
[EventType "team-tourn"]
[EventRounds "9"]
[EventCountry "GER"]
[SourceTitle "EXT 2011"]
[Source "ChessBase"]
[SourceDate "2010.11.26"]
[SourceVersion "1"]
[SourceVersionDate "2010.11.26"]
[SourceQuality "1"]
[WhiteTeam "Nuernberg NT II"]
[BlackTeam "Groebenzell"]
[WhiteTeamCountry "GER"]
[BlackTeamCountry "GER"]

1. e4 c6 2. d3 d5 3. Nd2 g6 4. g3 Bg7 5. Bg2 Nf6 6. Ne2 0-0 7. 0-0 e5 8. c3 Be6 9. d4 Nbd7 10. exd5 Bxd5 11. Bxd5 Nxd5 12. Nc4 Qc7 13. Nxe5 Nxe5 14. dxe5 Qxe5 15. Nf4 Rad8 16. Qb3 Qc7 17. Nxd5 Rxd5 18. Be3 b6 19. Rad1 Rh5 20. Qc4 Qc8 21. Qe4 Re8 22. Qf3 Rf5 23. Qg2 Rfe5 24. Rd2 Re4 25. Qf3 h5 26. Rfd1 Qe6 27. a3 h4 28. Rd6 Qc4 29. Rd8 h3 30. R1d7 f5 31. Rxe8+ Rxe8 32. Qd1 Qe4 33. Kf1 Bh6 34. Qd4 Qxd4 35. Rxd4 Bxe3 36. fxe3 Rxe3 37. Rd6 Kg7 38. Rxc6 Rd3 39. Ke2 Rxg3 40. Rc7+ Kh6 41. hxg3 h2 42. Rc8 Kg7 43. Rc7+ Kg8 44. Rc8+ 1/2-1/2

[Event "Oberliga Bayern 0809"]
[Site "Bayern"]
[Date "2009.03.29"]
[Round "9.8"]
[White "Zivkovic, Djordje"]
[Black "Stocker, Rupert"]
[Result "0-1"]
[WhiteElo "1857"]
[BlackElo "2049"]
[PlyCount "114"]
[EventDate "2008.10.05"]
[EventType "team-tourn"]
[EventRounds "9"]
[EventCountry "GER"]
[SourceTitle "EXT 2020"]
[Source "ChessBase"]
[SourceDate "2019.10.17"]
[SourceVersion "1"]
[SourceVersionDate "2019.10.17"]
[SourceQuality "1"]
[WhiteTeam "Bayern Muenchen II"]
[BlackTeam "Groebenzell"]
[WhiteTeamCountry "GER"]
[BlackTeamCountry "GER"]

1. e4 e6 2. d4 d5 3. exd5 exd5 4. Nc3 Nf6 5. Bd3 Bg4 6. f3 Be6 7. Bg5 c5 8. dxc5 Bxc5 9. Nge2 Nc6 10. a3 h6 11. Bxf6 Qxf6 12. Qd2 a6 13. Qf4 Qe7 14. 0-0-0 Rd8 15. Rde1 0-0 16. Ng3 Bd6 17. Qd2 Qh4 18. Nce2 b5 19. Nf5 Bxf5 20. Bxf5 Qf6 21. Bd3 Bxa3 22. Qc3 Qxc3 23. Nxc3 Bb4 24. Rd1 g6 25. Ne2 Kg7 26. h4 Be7 27. h5 Ne5 28. Kb1 Bf6 29. Nf4 g5 30. Ne2 Nc4 31. Bxc4 dxc4 32. Ng3 Be5 33. Nf5+ Kh7 34. Rhe1 Bf6 35. Ng3 Rfe8 36. Ne4 Kg7 37. Nc5 Rxe1 38. Rxe1 Rd2 39. Nxa6 Rxg2 40. Nc7 b4 41. Nd5 b3 42. Ne3 bxc2+ 43. Kc1 Rh2 44. Nxc4 Rxh5 45. Kxc2 Rh2+ 46. Kb3 Rf2 47. Re3 h5 48. Ka3 h4 49. b4 h3 50. b5 h2 51. Re1 Rxf3+ 52. Ka2 Rg3 53. Rh1 Rg2+ 54. Kb3 g4 55. b6 Bd8 56. Kc3 Bxb6 57. Nxb6 g3 0-1

[Event "Oberliga Bayern 0809"]
[Site "Bayern"]
[Date "2009.02.01"]
[Round "6.8"]
[White "Jussupow, Nadejda"]
[Black "Stocker, Rupert"]
[Result "1-0"]
[WhiteElo "2123"]
[BlackElo "2049"]
[PlyCount "69"]
[EventDate "2008.10.05"]
[EventType "team-tourn"]
[EventRounds "9"]
[EventCountry "GER"]
[SourceTitle "EXT 2020"]
[Source "ChessBase"]
[SourceDate "2019.10.17"]
[SourceVersion "1"]
[SourceVersionDate "2019.10.17"]
[SourceQuality "1"]
[WhiteTeam "Krumbach"]
[BlackTeam "Groebenzell"]
[WhiteTeamCountry "GER"]
[BlackTeamCountry "GER"]

1. d4 e6 2. Nf3 d5 3. e3 Nf6 4. Bd3 c5 5. b3 Nc6 6. Bb2 a6 7. Ne5 Nxe5 8. dxe5 Nd7 9. 0-0 b5 10. c4 bxc4 11. bxc4 Nb6 12. Qc2 Bb7 13. Rd1 dxc4 14. Bxc4 Qc7 15. Be2 Be7 16. Nd2 0-0 17. Rac1 Bc6 18. Nb3 Na4 19. Ba1 Rfc8 20. Bd3 g6 21. Qe2 Qb6 22. Nd2 Rcb8 23. Nc4 Qc7 24. Qg4 Nb6 25. Nd6 Bd5 26. Qf4 Rf8 27. Rc2 f5 28. Rdc1 Nd7 29. Bd4 Qa5 30. Bxc5 Nxc5 31. Rxc5 Qxa2 32. Rc7 Qd2 33. Bf1 g5 34. Qa4 Bd8 35. Qd7 1-0

[Event "Oberliga Bayern 0708"]
[Site "Bayern"]
[Date "2007.11.25"]
[Round "3.7"]
[White "Stocker, Rupert"]
[Black "Martin, Thomas"]
[Result "0-1"]
[WhiteElo "2176"]
[BlackElo "2299"]
[PlyCount "78"]
[EventDate "2007.10.21"]
[EventType "team-tourn"]
[EventRounds "9"]
[EventCountry "GER"]
[SourceTitle "EXT 2009"]
[Source "ChessBase"]
[SourceDate "2008.11.26"]
[SourceVersion "1"]
[SourceVersionDate "2008.11.26"]
[SourceQuality "1"]
[WhiteTeam "Groebenzell"]
[BlackTeam "Nuernberg NT"]
[WhiteTeamCountry "GER"]
[BlackTeamCountry "GER"]

1. c4 g6 2. g3 Bg7 3. Bg2 Nf6 4. Nc3 0-0 5. e4 c5 6. Nge2 Nc6 7. 0-0 d6 8. d3 Bd7 9. h3 a6 10. a3 Rb8 11. Rb1 Ne8 12. b4 Nc7 13. Nd5 Ne6 14. Nec3 cxb4 15. axb4 b5 16. cxb5 axb5 17. Bd2 Ned4 18. f4 Ra8 19. g4 e6 20. Ne3 Qb6 21. Kh1 f5 22. exf5 gxf5 23. gxf5 Nxf5 24. Nxf5 Rxf5 25. Ne4 Nd4 26. Nxd6 Ra2 27. Nxf5 Nxf5 28. Qe1 Kf7 29. Rc1 Bf6 30. Rc5 Qd6 31. Be4 Bd4 32. Rc1 Bf6 33. Rc5 Bd4 34. Rc1 Bf6 35. Be3 Bh4 36. Bf2 Qxf4 37. Bxf5 Bxf2 38. Qe4 Qxf5 39. Rc7 Qxh3# 0-1

[Event "Landesliga Sued 0405"]
[Site "Bayern"]
[Date "2004.12.12"]
[Round "4.8"]
[White "Stocker, Rupert"]
[Black "Heinrich, Helmut1111"]
[Result "1/2-1/2"]
[WhiteElo "2085"]
[BlackElo "1931"]
[PlyCount "111"]
[EventDate "2004.10.24"]
[EventType "team-tourn"]
[EventRounds "9"]
[EventCountry "GER"]
[SourceTitle "EXT 2007"]
[Source "ChessBase"]
[SourceDate "2006.11.23"]
[SourceVersion "1"]
[SourceVersionDate "2006.11.23"]
[SourceQuality "1"]
[WhiteTeam "Groebenzell"]
[BlackTeam "Klosterlechfeld"]
[WhiteTeamCountry "GER"]
[BlackTeamCountry "GER"]

1. c4 Nf6 2. g3 g6 3. Bg2 Bg7 4. Nc3 d6 5. e3 0-0 6. Nge2 c6 7. 0-0 e5 8. h3 Be6 9. b3 d5 10. cxd5 Nxd5 11. Ba3 Re8 12. Ne4 Na6 13. d4 exd4 14. Nxd4 Bxh3 15. Bxh3 Rxe4 16. Bg2 Re8 17. Qf3 Qa5 18. Bb2 Nc5 19. Rfd1 Ne4 20. Qe2 Rad8 21. Bxe4 Rxe4 22. Nf3 Bxb2 23. Qxb2 Rde8 24. Rd3 Qd8 25. Rad1 Qf6 26. Qxf6 Nxf6 27. Nd2 R4e7 28. Nc4 Ne4 29. Kg2 Kg7 30. b4 b6 31. a3 Rc8 32. Rd8 Rxd8 33. Rxd8 Rc7 34. Kf3 Ng5+ 35. Kg4 h6 36. Nd6 f5+ 37. Kh4 Ne6 38. Ra8 g5+ 39. Kh3 Kg6 40. Nc8 Rb7 41. Nxa7 Nc7 42. Rd8 Rxa7 43. Rd6+ Kg7 44. Rxc6 Nd5 45. g4 Rxa3 46. gxf5 Rb3 47. Rg6+ Kh7 48. Rd6 Rd3 49. Kh2 h5 50. e4 Nxb4 51. Rxb6 Rb3 52. Rb7+ Kg8 53. f6 Rb2 54. Rg7+ Kf8 55. Rxg5 Rxf2+ 56. Kg1 1/2-1/2

[Event "Landesliga Sued 0405"]
[Site "Bayern"]
[Date "2004.11.28"]
[Round "3.8"]
[White "Stocker, Rupert"]
[Black "Caspers, Christian"]
[Result "1-0"]
[WhiteElo "2085"]
[BlackElo "2058"]
[PlyCount "67"]
[EventDate "2004.10.24"]
[EventType "team-tourn"]
[EventRounds "9"]
[EventCountry "GER"]
[SourceTitle "EXT 2007"]
[Source "ChessBase"]
[SourceDate "2006.11.23"]
[SourceVersion "1"]
[SourceVersionDate "2006.11.23"]
[SourceQuality "1"]
[WhiteTeam "Groebenzell"]
[BlackTeam "Muenchen Siemens"]
[WhiteTeamCountry "GER"]
[BlackTeamCountry "GER"]

1. c4 e5 2. g3 Nf6 3. Bg2 d5 4. cxd5 Nxd5 5. Nc3 Nb6 6. d3 Be7 7. Nf3 Nc6 8. 0-0 0-0 9. a3 Be6 10. b4 Nd4 11. Bb2 Nxf3+ 12. Bxf3 c6 13. Rc1 Bg5 14. Rb1 Be7 15. Ne4 Nd7 16. Qc2 Bd5 17. Nd2 Bxf3 18. Nxf3 Bf6 19. d4 exd4 20. Nxd4 Ne5 21. e4 g6 22. Rbd1 Qe7 23. f4 Nd7 24. e5 Bg7 25. Rfe1 Nb6 26. f5 Qg5 27. Bc1 Qh5 28. Re4 gxf5 29. Rh4 Qg6 30. Nxf5 Rfe8 31. Rd6 f6 32. exf6 Bf8 33. f7+ Qxf7 34. Rg4+ 1-0